[Event "ch-AUT"]
[Site "Oberpullendorf AUT"]
[Date "2002.08.10"]
[Round "1"]
[White "Scheffknecht,P"]
[Black "Sandhu,M"]
[Result "1/2-1/2"]
[WhiteElo "2183"]
[BlackElo "2320"]

1.d4 Nf6 2.Nf3 e6 3.c4 Bb4+ 4.Nbd2 c5 5.e3 O-O 6.Bd3 b6 7.a3 Bxd2+ 8.Bxd2 d6
9.e4 cxd4 10.Nxd4 Bb7 11.Bg5 Nbd7 12.O-O Ne5 13.Re1 d5 14.exd5 Nxd3 15.Qxd3 exd5
16.Nf5 Kh8 17.Qg3 Nh5 18.Qh4 f6 19.Qxh5 g6 20.Qh6 gxf5 21.Bh4 Qd6 22.cxd5 Bxd5
23.Rad1 Rf7 24.Re3 Qc6 25.Red3 Rd8 26.Qf4 Re8 27.f3 Be6 28.Qh6 Qc5+ 29.Bf2 Qf8
30.Qf4 Qg7 31.Bd4 Bc8 32.Re3 Rfe7 33.Rde1 Kg8 34.Kf2 Qf7 35.Qb8 Be6 36.Qg3+ Kh8
37.Qd6 Kg7 38.h4 Qh5 39.Qg3+ Kf7 40.Bc3 Qh6 41.Qh2 Rc8 42.R3e2 Rc6 43.h5 Rd7
44.Qb8 Qxh5 45.Bb4 Qh4+ 46.Kf1 Qh1+ 47.Kf2 Qh4+ 48.Kf1  1/2-1/2

[Event "GP"]
[Site "Izmir TUR"]
[Date "2002.08.29"]
[Round "2"]
[White "Topel,Z"]
[Black "Gasimov,R"]
[Result "0-1"]
[WhiteElo "2067"]
[BlackElo "2370"]

1.d4 Nf6 2.c4 e6 3.Nf3 Bb4+ 4.Nbd2 O-O 5.g3 Nc6 6.Bg2 d6 7.O-O Bxd2 8.Qxd2 e5
9.e3 a5 10.b3 e4 11.Ne1 Bf5 12.Nc2 d5 13.Bb2 Re8 14.Rfc1 Qd7 15.a3 Bh3 16.Ne1 Ne7
17.b4 a4 18.Rc2 dxc4 19.Rxc4 Ned5 20.Qe2 Bxg2 21.Kxg2 Re6 22.Rac1 h5 23.Kg1 Rd6
24.Qf1 h4 25.Ng2 hxg3 26.hxg3 g5 27.Ne1 Kg7 28.Qg2 Rh8 29.Kf1 Qe7 30.Ke2 Ng4
31.Qg1 Rh2 32.Ng2 Qf6  0-1

[Event "Kaissa I"]
[Site "Alushta UKR"]
[Date "2002.09.03"]
[Round "4"]
[White "Murashko,V"]
[Black "Shtyrenkov,V"]
[Result "1/2-1/2"]
[WhiteElo "2385"]
[BlackElo "2457"]

1.d4 Nf6 2.c4 e6 3.Nf3 Bb4+ 4.Nbd2 b6 5.a3 Bxd2+ 6.Qxd2 a5 7.b3 Bb7 8.Bb2 O-O
9.e3 d6 10.Be2 Nbd7 11.O-O Qe7 12.Rad1 Be4 13.Qc3 c6 14.Nd2 Bg6 15.Bf3 d5
16.Rfe1 Rfc8 17.e4 dxe4 18.Nxe4 Bxe4 19.Bxe4 Nxe4  1/2-1/2

[Event "IM"]
[Site "Kostrena CRO"]
[Date "2002.09.03"]
[Round "6"]
[White "Jovanic,O"]
[Black "Mikac,M"]
[Result "1/2-1/2"]
[WhiteElo "2420"]
[BlackElo "2410"]

1.d4 Nf6 2.c4 e6 3.Nf3 Bb4+ 4.Nbd2 d5 5.e3 O-O 6.a3 Bxd2+ 7.Bxd2 a5 8.Bd3 Nbd7
9.O-O b6 10.cxd5 exd5 11.Qe2 Bb7 12.Rac1 c5 13.dxc5 bxc5 14.Bc3 Qb6 15.Rfd1 Rfe8
16.Qc2 Ne4 17.Bxe4 Rxe4 18.Ng5 Rh4 19.Qf5 Nf6 20.Bxf6 gxf6 21.Nf3 Rh6 22.Rc2 Rg6
23.Rdc1 d4 24.Rxc5 dxe3 25.R5c2 Re8 26.Nh4 Rg5 27.Qd7 Rge5 28.Rf1 Ba6 29.Nf3 Bxf1
30.Qg4+ Kf8 31.Nxe5 Rxe5 32.Kxf1 exf2 33.Rxf2 Qb5+ 34.Re2 Qd3 35.Qc8+ Kg7
36.Qc2 Rf5+ 37.Kg1 Qd4+ 38.Rf2 Rxf2 39.Qxf2 Qd1+ 40.Qf1 Qd4+ 41.Qf2 Qd1+
42.Qf1  1/2-1/2

[Event "TCh-CRO"]
[Site "Medulin CRO"]
[Date "2002.09.10"]
[Round "2"]
[White "Jankovic,A"]
[Black "Vargic,D"]
[Result "1-0"]
[WhiteElo "2299"]
[BlackElo "2314"]

1.d4 e6 2.c4 Nf6 3.Nf3 Bb4+ 4.Nbd2 d5 5.Qa4+ Nc6 6.a3 Bxd2+ 7.Bxd2 O-O 8.e3 Ne4
9.Rd1 f5 10.Be2 Rf6 11.O-O Rh6 12.Be1 Bd7 13.Qb3 Be8 14.cxd5 exd5 15.Ne5 Qd6
16.f3 Nxe5 17.fxe4 Nf3+ 18.Rxf3 Qxh2+ 19.Kf2 Qh4+ 20.Rg3 Rg6 21.Qxd5+ Bf7
22.Qe5 f4 23.Qxf4 Rf6 24.Qxf6 Qxf6+ 25.Kg1 Re8 26.Bf3 Bg6 27.Bc3 Qh4 28.Rg4 Qe7
29.d5 Qc5 30.Kf2 a5 31.e5 Bh5 32.Rg5 Bxf3 33.gxf3 g6 34.Rg4 b6 35.e6 Qe7
36.Rh1 h5  1-0

[Event "Poyntner Mem GM"]
[Site "St Poelten AUT"]
[Date "2002.09.10"]
[Round "6"]
[White "Lehner,O"]
[Black "Danner,G"]
[Result "1-0"]
[WhiteElo "2413"]
[BlackElo "2369"]

1.d4 Nf6 2.c4 e6 3.Nf3 Bb4+ 4.Nbd2 b6 5.a3 Bxd2+ 6.Qxd2 Bb7 7.e3 d6 8.Be2 O-O
9.O-O Nbd7 10.b4 e5 11.dxe5 dxe5 12.Bb2 Qe7 13.Qc3 Ne4 14.Qc2 a5 15.Rfd1 f5
16.c5 bxc5 17.bxc5 Bc6 18.Rac1 Rad8 19.Bb5 Bxb5 20.Qb3+ Rf7 21.c6 Bxc6 22.Rxc6 Ndc5
23.Rxd8+ Qxd8 24.Qc2 Qd5 25.Nxe5 Rd7 26.Nxd7 Qxc6 27.Nxc5 Qxc5 28.Qb3+ Kf8
29.a4 Nf6 30.Ba3  1-0

[Event "TCh-CRO"]
[Site "Medulin CRO"]
[Date "2002.09.13"]
[Round "5"]
[White "Bilobrk,F"]
[Black "Leventic,I"]
[Result "1/2-1/2"]
[WhiteElo "2348"]
[BlackElo "2424"]

1.d4 Nf6 2.Nf3 e6 3.c4 Bb4+ 4.Nbd2 O-O 5.e3 d5 6.Qc2 b6 7.a3 Be7 8.Bd3 c5
9.O-O cxd4 10.Nxd4 Bb7 11.Rd1 a6 12.b4 Qc7 13.Bb2 Nbd7 14.Rac1 dxc4 15.Qxc4 Qxc4
16.Nxc4 Rac8 17.f3 Rfd8 18.Be2 Nd5 19.Kf2 Rc7 20.g3 Rdc8 21.e4 N5f6 22.Nb3 Rc6
23.Nd4 R6c7 24.Nb3  1/2-1/2

[Event "TCh-CRO"]
[Site "Medulin CRO"]
[Date "2002.09.17"]
[Round "9"]
[White "Horvath,Jo"]
[Black "Bilobrk,F"]
[Result "1-0"]
[WhiteElo "2535"]
[BlackElo "2348"]

1.c4 Nf6 2.d4 e6 3.Nf3 Bb4+ 4.Nbd2 b6 5.e3 Bb7 6.Bd3 O-O 7.O-O Bxd2 8.Bxd2 d6
9.Qc2 Nbd7 10.e4 e5 11.Rfe1 h6 12.Bf1 c5 13.d5 Nh7 14.g3 Bc8 15.Nh4 Re8 16.a3 Ng5
17.Bg2 Nf6 18.Re2 Bg4 19.f3 Bd7 20.Qc1 Nfh7 21.Qe1 Nf6 22.Qc1 Nfh7 23.Kh1 Rc8
24.Qc3 Nf6 25.Rg1 Bh3 26.Bxh3 Nxh3 27.Rf1 Ng5 28.Nf5 Qd7 29.Qc1 Ngh7 30.Bxh6 g6
31.Nh4 Qh3 32.Kg1 Rb8 33.Rff2 b5 34.cxb5 Rxb5 35.Rc2 Reb8 36.Bd2 Nh5 37.Bc3 Rb3
38.Qh6 N7f6 39.Rf1 R8b7 40.Qd2 Kh7 41.Qg2 Qd7 42.Qe2 Qh3 43.Ng2 Nd7 44.f4 f6
45.fxe5 Nxe5 46.Nf4 Nxf4 47.gxf4 Ng4 48.Rf3 Qh4 49.Qg2 Rxc3 50.Rcxc3 Kg7
51.Rg3  1-0

[Event "7th WUCC Men"]
[Site "Ulaanbaatar MON"]
[Date "2002.09.17"]
[Round "6"]
[White "Sharavdorj,D"]
[Black "Iordachescu,V"]
[Result "1/2-1/2"]
[WhiteElo "2427"]
[BlackElo "2555"]

1.d4 Nf6 2.c4 e6 3.Nf3 Bb4+ 4.Nbd2 b6 5.a3 Bxd2+ 6.Qxd2 Bb7 7.e3 O-O 8.Be2 d6
9.O-O Nbd7 10.b4 Ne4 11.Qc2 f5 12.Ne1 Qh4 13.f3 Ng5 14.f4 Ne4 15.Bb2 Ndf6
16.Nf3 Qh6 17.Nd2 Qg6 18.Bf3 Rae8 19.Nxe4 Bxe4 20.Qa4 Ra8 21.Kh1 a5 22.b5 h5
23.d5 Ng4 24.Qb3 exd5 25.cxd5 Rae8 26.h3 Nf6 27.Rac1 Rf7 28.Bxf6 Bxf3 29.Rxf3 Qxf6
30.Rc3 h4 31.Rf1 Rfe7 32.Rfc1 Qg6 33.Qc2 Kh7 34.Qe2 Re4 35.Qf3 R8e7 36.Rg1 Qf7
37.Qf2 Qxd5 38.Qxh4+ Kg8 39.Rxc7 Rxc7 40.Qd8+ Kh7 41.Qxc7 Rxe3 42.Kh2 Qd4
43.Rf1 Qc5 44.Qd8 Re6 45.a4 d5 46.Rd1 Qf2 47.Qxd5 Qxf4+ 48.Kh1 Re5 49.Qf7 Qg5
50.Rf1 Qg6 51.Qxg6+ Kxg6 52.Rc1  1/2-1/2

[Event "TCh-SWE"]
[Site "Helsingborg SWE"]
[Date "2002.10.11"]
[Round "1"]
[White "Palo,D"]
[Black "Fries Nielsen,JO"]
[Result "1/2-1/2"]
[WhiteElo "2489"]
[BlackElo "2444"]

1.Nf3 Nf6 2.c4 e6 3.d4 Bb4+ 4.Nbd2 d5 5.a3 Be7 6.e3 O-O 7.Bd3 c5 8.dxc5 Bxc5
9.b4 Be7 10.O-O a5 11.b5 Nbd7 12.Bb2 Nc5 13.Be2 a4  1/2-1/2

[Event "TCh-SWE"]
[Site "Helsingborg SWE"]
[Date "2002.10.13"]
[Round "3"]
[White "Lundin,An"]
[Black "Akvist,H"]
[Result "1-0"]
[WhiteElo "2270"]
[BlackElo "2276"]

1.d4 Nf6 2.c4 e6 3.Nf3 Bb4+ 4.Nbd2 O-O 5.e3 b6 6.Bd3 Bb7 7.O-O d5 8.b3 Nbd7
9.a3 Be7 10.Qe2 Ne4 11.Bb2 f5 12.Rac1 c5 13.cxd5 exd5 14.Ba6 Qc8 15.Bxb7 Qxb7
16.dxc5 bxc5 17.Rfd1 Rac8 18.Qd3 Bf6 19.Bxf6 Ndxf6 20.h3 Rfd8 21.Ne5 Qe7
22.Nef3 g6 23.Qa6 Re8 24.Re1 Kg7 25.b4 c4 26.Nxe4 fxe4 27.Nd4 Rc7 28.Nb5 Rd7
29.Red1 Kf7 30.Qc6 Rb8 31.Nd4 Rb6 32.Qa4 Rdd6 33.Nb5 Re6 34.Nd4 Red6 35.b5 a6
36.Rb1 axb5 37.Nxb5 Rd7 38.Nc3 Rxb1 39.Rxb1 Ra7 40.Qc6 Qd7 41.Qc5 Qe7 42.Qd4 Rb7
43.Nb5 Ke6 44.a4 Nd7 45.Qh8 Nf8 46.Qg8+ Ke5 47.Rd1 Ne6 48.Nc3 Rd7 49.Qh8+ Qg7
50.Qb8+ Nc7 51.Nb5 Ke6 52.Nxc7+ Rxc7 53.Qb6+ Ke5 54.Qd4+ Kf5 55.Qxd5+ Qe5
56.g4+ Kf6 57.Qd8+ Kg7 58.Rd5 Qa1+ 59.Kg2 Rf7 60.Qe8 Qf6 61.Qe5 Qxe5 62.Rxe5 Rc7
63.Rd5 c3 64.Rd1 Kf6 65.f4 exf3+ 66.Kxf3  1-0

[Event "TCh-BEL 2002-3"]
[Site "Belgium BEL"]
[Date "2002.10.20"]
[Round "2"]
[White "Tjiam,D"]
[Black "Klyuner,V"]
[Result "1/2-1/2"]
[WhiteElo "2339"]
[BlackElo "2425"]

1.d4 Nf6 2.c4 e6 3.Nf3 Bb4+ 4.Nbd2 d5 5.e3 O-O 6.Bd3 dxc4 7.Bxc4 a6 8.O-O b5
9.Bd3 c5 10.Ne4 cxd4 11.exd4 Be7 12.a4 b4 13.Be3 Nbd7 14.Qe2 Bb7 15.Bd2 Nxe4
16.Bxe4 Bxe4 17.Qxe4 Nf6 18.Qc6 Qd5 19.Qxd5 Nxd5 20.Rfc1 Bd6 21.g3 f6 22.Rc6 Rfd8
23.Kf1 Kf7 24.Ke2 Ke7 25.Rac1 Kd7 26.Kd3 g5 27.Ne1 h5 28.Ng2 Ne7 29.Rb6 Rdb8
30.Rxb8 Rxb8 31.h4 gxh4 32.Nxh4 Nd5 33.Ng2 Rh8 34.Rh1 f5 35.Rh4 Be7 36.Rh1 Nf6
37.Nf4 Bd6 38.Ng2 Rc8 39.Rc1 Rxc1 40.Bxc1 Nd5 41.b3 Ke7 42.Bg5+ Kf7 43.Ne3 Kg6
44.Bh4 f4 45.Nxd5 exd5 46.Ke2 Kf5 47.Kf3 fxg3 48.fxg3 Bc7  1/2-1/2

[Event "Olympiad"]
[Site "Bled SLO"]
[Date "2002.11.02"]
[Round "8"]
[White "Pitterson,J"]
[Black "Warner,D"]
[Result "1/2-1/2"]
[WhiteElo "2248"]
[BlackElo "2232"]

1.d4 e6 2.c4 Nf6 3.Nf3 Bb4+ 4.Nbd2 b6 5.e3 Bb7 6.Bd3 O-O 7.O-O Bxd2 8.Nxd2 c5
9.b3 cxd4 10.exd4 Nc6 11.Nf3 h6 12.Bb2 d5 13.Rc1 Ne4 14.Qe2 f5 15.cxd5 exd5
16.Bb5  1/2-1/2

[Event "Olympiad"]
[Site "Bled SLO"]
[Date "2002.11.05"]
[Round "10"]
[White "Kempinski,R"]
[Black "Moiseenko,A"]
[Result "1/2-1/2"]
[WhiteElo "2532"]
[BlackElo "2570"]

1.d4 Nf6 2.c4 e6 3.Nf3 Bb4+ 4.Nbd2 b6 5.a3 Bxd2+ 6.Qxd2 Bb7 7.e3 O-O 8.Be2 d6
9.O-O Nbd7 10.b4 Ne4 11.Qd3 f5 12.Nd2 Rf6 13.f3 Ng5 14.d5 Rg6 15.f4 Nf7 16.Bb2 b5
17.Bf3 bxc4 18.Nxc4 Bxd5 19.Bxd5 exd5 20.Qxd5 Qe8 21.Rae1 Nf6 22.Qxf5 Qc6
23.Qh3 Qxc4 24.Rc1 Qb3 25.Rxc7 Rh6 26.Qf3 Re8 27.Bd4 Ne4 28.Rfc1 Qd5 29.Rc8 Re6
30.Qg4 g6 31.Rxe8+ Rxe8 32.Qd7 Rf8 33.Rc8 Qf5 34.Rxf8+ Kxf8 35.Qxa7 Qc8 36.h3 g5
37.fxg5 Nfxg5 38.Qg7+ Ke8 39.h4 Qg4 40.hxg5 Qd1+ 41.Kh2 Qh5+  1/2-1/2

[Event "Olympiad"]
[Site "Bled SLO"]
[Date "2002.11.08"]
[Round "13"]
[White "Surendorj,H"]
[Black "Prasca,R"]
[Result "1/2-1/2"]
[WhiteElo "2308"]
[BlackElo "2352"]

1.d4 e6 2.c4 Nf6 3.Nf3 Bb4+ 4.Nbd2 Ne4 5.a3 Nxd2 6.Bxd2 Bxd2+ 7.Qxd2 b6 8.g3 Bb7
9.Bg2 d6 10.O-O Nd7 11.Rfd1 Qe7 12.Qc2 Nf6 13.Qa4+ Qd7 14.Qxd7+ Nxd7 15.Nd2 Bxg2
16.Kxg2 Ke7 17.b4 a5 18.Nb3 a4 19.Nd2 c6 20.Rab1 Rhc8 21.Kf3 Ra7 22.e3 b5
23.Rdc1 Rac7 24.Ke2 d5 25.cxb5 cxb5 26.Rxc7 Rxc7 27.Kd3 e5 28.e4 exd4 29.exd5 f5
30.Kxd4 Rc2 31.Re1+ Kd8 32.Nf3 Rxf2 33.Re3 Kc7 34.Rc3+ Kd6 35.Rc6+ Ke7 36.Re6+ Kd8
37.Re3 Kc7 38.Rc3+ Kd6 39.Rc6+ Ke7 40.Re6+ Kd8 41.Re3 Kc7 42.Rc3+ Kd6  1/2-1/2

[Event "ch-ISR"]
[Site "Tel Aviv ISR"]
[Date "2002.12.01"]
[Round "7"]
[White "Porat,S"]
[Black "Deutsch,E"]
[Result "1-0"]
[WhiteElo "2343"]
[BlackElo "2272"]

1.d4 Nf6 2.c4 e6 3.Nf3 Bb4+ 4.Nbd2 O-O 5.g3 d5 6.Bg2 Nbd7 7.O-O c6 8.Qc2 Bd6
9.Rd1 b6 10.e4 dxe4 11.Nxe4 Nxe4 12.Qxe4 Bb7 13.Ne5 Rc8 14.Bf4 Nf6 15.Qe2 Qe8
16.c5 bxc5 17.dxc5 Bxc5 18.Qc2 Be7 19.Nc4 Nd5 20.Nd6 Qd7 21.Nxc8 Rxc8 22.Qa4 Bf6
23.Rd2 Qe7 24.Rc1 Nxf4 25.gxf4 Qc7 26.Rcd1 g6 27.Qxa7  1-0

[Event "Tch-SWE 2002-3"]
[Site "Sweden SWE"]
[Date "2002.12.07"]
[Round "5"]
[White "Lundin,An"]
[Black "Sjoberg,M"]
[Result "0-1"]
[WhiteElo "2270"]
[BlackElo "2330"]

1.d4 Nf6 2.c4 e6 3.Nf3 Bb4+ 4.Nbd2 b6 5.e3 Bb7 6.Bd3 O-O 7.O-O d5 8.a3 Bxd2
9.Nxd2 Nbd7 10.cxd5 exd5 11.b4 Re8 12.Bb2 Ne4 13.f3 Nxd2 14.Qxd2 Nf6 15.Rae1 Re7
16.Re2 Qe8 17.Rfe1 Bc6 18.e4 Bb5 19.e5 Bxd3 20.Qxd3 Nh5 21.Qf5 g6 22.Qg5 Ng7
23.g4 c6 24.Re3 a5 25.Qh6 axb4 26.f4 bxa3 27.Rh3 f5 28.Qxh7+ Kf7 29.Bxa3 Re6
30.gxf5 gxf5 31.Rg3 Qh8 32.Qxh8 Rxh8 33.Rb3 Rg6+ 34.Rg3 Ne6 35.Rb1 b5 36.Bc5 Nxf4
37.Rxg6 Kxg6 38.Ra1 Ne6 39.Ra6 Rc8 40.Bd6 Nxd4  0-1

[Event "AIG Life rapid"]
[Site "Warsaw POL"]
[Date "2002.12.21"]
[Round "5"]
[White "Kempinski,R"]
[Black "Korchnoi,V"]
[Result "1/2-1/2"]
[WhiteElo "2532"]
[BlackElo "2634"]

1.d4 Nf6 2.c4 e6 3.Nf3 Bb4+ 4.Nbd2 b6 5.a3 Bxd2+ 6.Qxd2 Bb7 7.e3 a5 8.b3 O-O
9.Be2 d6 10.O-O Nbd7 11.Bb2 Ne4 12.Qd3 f5 13.Nd2 Qh4 14.f3 Nxd2 15.Qxd2 e5
16.b4 e4 17.d5 axb4 18.Qd4 Qe7 19.axb4 exf3 20.Bxf3 Ne5 21.Be2 Qg5 22.c5 Rxa1
23.Bxa1 bxc5 24.bxc5 Ng4 25.Rf4 dxc5 26.Qxc5 Nf6 27.Bf3 Qg6 28.Rb4 Ba8 29.Be5 Qf7
30.Rb5 g5 31.Qxc7 Qxc7 32.Bxc7 g4 33.Be2 Bxd5 34.Rxd5 Nxd5 35.Bc4 Rc8 36.Bxd5+ Kg7
37.Bf4 Rc2 38.e4 fxe4 39.Bxe4 Ra2 40.Bf5 h5 41.h3 gxh3 42.Bxh3 Kf6 43.Kh2 Ra3
44.g3 Ra4 45.Bc7 Kg6 46.Bd8 Rd4 47.Bb6 Rb4 48.Bf2 Rb2 49.Kg1 h4 50.g4 Rb3
51.Bf1 Kg5 52.Be2 h3  1/2-1/2

[Event "Tch-SWE 2002-3"]
[Site "Sweden SWE"]
[Date "2003.01.18"]
[Round "6"]
[White "Sjoberg,M"]
[Black "Ong,Kez"]
[Result "1-0"]
[WhiteElo "2330"]
[BlackElo "2174"]

1.d4 Nf6 2.c4 e6 3.Nf3 Bb4+ 4.Nbd2 b6 5.a3 Bxd2+ 6.Bxd2 Bb7 7.Bg5 d6 8.e3 Nbd7
9.Qc2 Qe7 10.Rd1 Be4 11.Bd3 Bxd3 12.Qxd3 h6 13.Bh4 O-O 14.O-O e5 15.Nd2 e4
16.Qe2 Rfe8 17.Nb1 a5 18.Nc3 Qe6 19.Nb5 Rac8 20.Bg3 Kh7 21.b4 Qf5 22.bxa5 bxa5
23.Rb1 Rg8 24.Na7 Ra8 25.Rb7 Rgb8 26.Rfb1 Rxb7 27.Rxb7 Rb8 28.Rxb8 Nxb8 29.Qb2 Qh5
30.Qc2 Nbd7 31.Nb5 Nb6 32.Nxc7 d5 33.cxd5 Nbxd5 34.h3 Nxc7 35.Bxc7 Kh8 36.Be5 Nd7
37.Qc8+ Kh7 38.Qxd7 Qd1+ 39.Kh2 Qb3 40.Qf5+ Kg8 41.Qc8+ Kh7 42.Qf5+ Kg8 43.Qg4  1-0

[Event "Jose Marti Memorial"]
[Site "Las Tunas CUB"]
[Date "2003.01.29"]
[Round "5"]
[White "Perez,I"]
[Black "Parra,El"]
[Result "1-0"]
[WhiteElo "2238"]
[BlackElo "2244"]

1.d4 Nf6 2.c4 e6 3.Nf3 Bb4+ 4.Nbd2 O-O 5.e3 b6 6.Bd3 Bb7 7.O-O c5 8.Nb3 cxd4
9.exd4 d5 10.Bg5 Nbd7 11.Rc1 dxc4 12.Rxc4 Bxf3 13.Qxf3 Be7 14.Rfc1 a6 15.Qh3 h6
16.Bxh6 gxh6 17.Qxh6 Re8 18.d5 Nf8 19.Rh4  1-0

[Event "FSIMA Feb"]
[Site "Budapest HUN"]
[Date "2003.02.01"]
[Round "1"]
[White "Alfred,N"]
[Black "Eperjesi,L"]
[Result "1-0"]
[WhiteElo "2250"]
[BlackElo "2271"]

1.d4 Nf6 2.c4 e6 3.Nf3 Bb4+ 4.Nbd2 d5 5.Qa4+ Nc6 6.a3 Be7 7.e3 O-O 8.Bd3 Re8
9.O-O Bf8 10.b4 a6 11.cxd5 exd5 12.b5 Nb8 13.Bb2 Ne4 14.Qc2 f5 15.a4 axb5
16.axb5 Rxa1 17.Rxa1 Nd7 18.Ba3 Bxa3 19.Rxa3 Ndf6 20.Ne5 Qd6 21.Ra1 Nxd2
22.Qxd2 Be6 23.Qc2 g6 24.f3 Kg7 25.Rc1 Re7 26.Qc3 Bf7 27.Qa5 Be8 28.Kf2 Bf7
29.g3 Ne8 30.Rc2 Qd8 31.h4 Re6 32.Qa7 Rb6 33.Rc5 Bg8 34.Qa3 Be6 35.Be2 Rd6
36.Qc1 Rb6 37.f4 h6 38.Bf3 Bg8 39.Qc2 Rf6 40.Kg2 b6 41.Rc3 Qa8 42.h5 g5 43.g4 Bh7
44.Rxc7+ Nxc7 45.Qxc7+ Kg8 46.Qd7 Qa2+ 47.Kg3 gxf4+ 48.exf4 Qa3 49.Qxd5+ Kh8
50.g5 hxg5 51.fxg5 f4+ 52.Kh4 Rf8 53.Nf7+ Rxf7 54.Qxf7 Qxf3 55.Qf8+ Bg8 56.Qf6+  1-0

[Event "Tch-SWE 2002-3"]
[Site "Sweden SWE"]
[Date "2003.02.08"]
[Round "7"]
[White "Eriksson,Jon SWE"]
[Black "Ong,Kez"]
[Result "1/2-1/2"]
[WhiteElo "2270"]
[BlackElo "2174"]

1.Nf3 Nf6 2.d4 e6 3.c4 Bb4+ 4.Nbd2 b6 5.e3 Bb7 6.Bd3 O-O 7.O-O d5 8.a3 Be7
9.b3 Nbd7 10.Qe2 Rc8 11.Bb2 c5 12.Ne5 Bd6 13.Nxd7 Nxd7 14.cxd5 exd5 15.dxc5 bxc5
16.Qg4 g6 17.Nf3 Qe7 18.Rac1 Ne5 19.Nxe5 Bxe5 20.Bxe5 Qxe5 21.Qa4 Rc7 22.Ba6 Bxa6
23.Qxa6 Rb8 24.Qa5 Rxb3 25.Rxc5 Rxc5 26.Qxc5 Qc3 27.Qxa7 Rxa3 28.Qb8+ Kg7
29.Qd6 Ra5 30.h3 Qf6 31.Qd7 Qe5 32.g3 Ra1 33.Rxa1 Qxa1+ 34.Kg2 Qe5 35.Qa7 Qe4+
36.Kh2 h6 37.Qa1+ Kg8 38.Qf6 Qd3 39.g4 Qe4 40.Kg3 Qd3 41.Qe5 Qd1 42.Kg2 Qd3
43.h4 Qc4 44.Kg3 Qd3 45.Qa1 Qc4 46.Qe5 Qd3 47.Qf4 Qd1 48.Qxh6 Qg1+ 49.Kf3 Qd1+
50.Kf4 Qg1 51.Qg5 Qxf2+ 52.Ke5 f6+ 53.Qxf6 Qb2+ 54.Ke6 Qb6+ 55.Ke5 Qb2+ 56.Ke6  1/2-1/2

[Event "11th Aosta Open"]
[Site "Saint Vincent ITA"]
[Date "2003.02.12"]
[Round "5"]
[White "Chatalbashev,B"]
[Black "Contin,D"]
[Result "1-0"]
[WhiteElo "2515"]
[BlackElo "2330"]

1.d4 e6 2.c4 Nf6 3.Nf3 Bb4+ 4.Nbd2 b6 5.e3 Bb7 6.Be2 O-O 7.O-O Be7 8.b3 c5
9.Bb2 cxd4 10.Nxd4 Na6 11.Bf3 Qc8 12.Nb5 Nc5 13.Be5 Ne8 14.Bg3 a6 15.Nc3 f5
16.b4 Bf6 17.bxc5 Bxc3 18.Bxb7 Qxb7 19.Rb1 b5 20.cxb5 axb5 21.Nc4 Qc6 22.Nb6 Ra7
23.Qd3 b4 24.a3 Qxc5 25.axb4 Qxb6 26.Qxc3 Nf6 27.Be5 Qb5 28.Qd4 Ra2 29.h3 Ne4
30.Bxg7 Rf7 31.Qe5 Qe2 32.Bh6 Ra8 33.b5 Qh5 34.b6 Re8 35.b7 Qxh6 36.b8=Q Ref8
37.f3 Qxe3+ 38.Kh2 d6 39.Qbxd6 Qg5 40.fxe4  1-0

[Event "Milovan Prvulj Mem"]
[Site "Pancevo YUG"]
[Date "2003.02.28"]
[Round "1"]
[White "Scekic,M"]
[Black "Vratonjic,S"]
[Result "1/2-1/2"]
[WhiteElo "2447"]
[BlackElo "2435"]

1.d4 Nf6 2.c4 e6 3.Nf3 Bb4+ 4.Nbd2 d6 5.Qc2 Nbd7 6.e4 c5 7.e5 Ng4 8.h3 Nh6
9.a3 Bxd2+ 10.Bxd2 dxe5 11.Bxh6 gxh6 12.dxc5 Nxc5 13.Nxe5 Qd4 14.Ng4 Bd7
15.Rd1 Qg7 16.Rc1 O-O-O 17.Qc3 Qg5 18.b4 Ne4 19.Qe3 Qxe3+ 20.Nxe3 Ba4 21.Be2 Rd7
22.Bf3 Nd2 23.Bd1 Bxd1 24.Rxd1 Rhd8 25.Ke2 f5 26.c5 Ne4 27.Rxd7 Rxd7 28.Nc4 Nc3+
29.Ke3 f4+ 30.Kxf4 Rd4+ 31.Ke3 Rxc4 32.Kd3 Rf4 33.Kxc3 Rxf2 34.Re1 Rxg2 35.Rxe6  1/2-1/2

[Event "ch-RUS w 1st League"]
[Site "Serpukhov RUS"]
[Date "2003.02.28"]
[Round "9"]
[White "Guseva,O"]
[Black "Zhukova,N"]
[Result "1-0"]
[WhiteElo "2184"]
[BlackElo "2430"]

1.d4 Nf6 2.c4 e6 3.Nf3 Bb4+ 4.Nbd2 O-O 5.e3 c5 6.a3 Bxd2+ 7.Bxd2 cxd4 8.Nxd4 d5
9.cxd5 Nxd5 10.Bd3 Nf6 11.Qc2 Bd7 12.Rd1 Qb6 13.Bc3 h6 14.e4 Re8 15.Nf3 Bc6
16.O-O Nbd7 17.Bd4 Qa5 18.b4 Qh5 19.a4 a6 20.Rfe1 Rec8 21.Qb3 b5 22.a5 e5
23.Ba1 Re8 24.Rc1 Re6 25.Nd2 Qg5 26.Re3 Nh5 27.Bf1 Ndf6 28.Nf3 Qf4 29.g3 Nxe4
30.gxf4 Rg6+  1-0

[Event "10th Metalis Open"]
[Site "Bizovac CRO"]
[Date "2003.03.01"]
[Round "7"]
[White "Saric,Ib"]
[Black "Rosandic,D"]
[Result "1-0"]
[WhiteElo "2394"]
[BlackElo "2287"]

1.d4 Nf6 2.c4 e6 3.Nf3 Bb4+ 4.Nbd2 O-O 5.e3 b6 6.Bd3 Bb7 7.O-O Bxd2 8.Nxd2 d5
9.Qe2 Nc6 10.cxd5 exd5 11.a3 Re8 12.Qd1 a5 13.Qc2 Qd6 14.Nf3 Ne4 15.Bd2 Re7
16.Rfc1 Nxd2 17.Nxd2 g6 18.Qc3 Rc8 19.Nf3 f6 20.Rab1 Kg7 21.b4 axb4 22.axb4 Ra8
23.Nd2 Rf8 24.Rc2 Ra8 25.Rcc1 Rf8 26.Bf1 Rd8 27.g3 Rf7 28.b5 Na5 29.Nb3 Nxb3
30.Qxb3 Ra8 31.Rc3 Ra7 32.Rbc1 Ba8 33.Qb2 Bb7 34.Qc2 Ba8 35.Qb2 Bb7 36.Ra1 Rxa1
37.Qxa1 Bc8 38.Rc6 Qe7 39.Qa2 Bb7 40.Rc1 Qd8 41.Bg2 f5 42.h4 h6 43.Qe2 g5
44.hxg5 hxg5 45.Qh5 Qf6 46.Rc3 Qh6 47.Qe2 Qf6 48.Qc2 Qd8 49.Ra3 Qd6 50.Ra7 Bc8
51.Ra8 Be6 52.Qd1 Rf8 53.Ra7 f4 54.gxf4 gxf4 55.Qc1 Kg6 56.Qxc7 Qxc7 57.Rxc7 f3
58.Rc6 Kf7  1-0

[Event "Tch-SWE 2002-3"]
[Site "Sweden SWE"]
[Date "2003.03.01"]
[Round "8"]
[White "Dzevlan,M"]
[Black "Bjork,C"]
[Result "0-1"]
[WhiteElo "2379"]
[BlackElo "2334"]

1.d4 Nf6 2.c4 e6 3.Nf3 Bb4+ 4.Nbd2 b6 5.g3 Bb7 6.Bg2 O-O 7.O-O c5 8.dxc5 Bxc5
9.a3 Re8 10.b4 Bf8 11.Bb2 d6 12.Rc1 Nbd7 13.Qb3 Qc7 14.Rfe1 a6 15.e4 Rac8
16.Qe3 h6 17.h3 Red8 18.Nh2 Bc6 19.g4 e5 20.Nhf1 Qb8 21.Ng3 g6 22.Ne2 b5
23.cxb5 axb5 24.Nc3 Bg7 25.Nb3 Nb6 26.Na5 Be8 27.Nd5 Nfxd5 28.exd5 Nc4 29.Nxc4 Rxc4
30.Bf1 Rxc1 31.Rxc1 Qb7 32.Bg2 Bd7 33.Rc2 Rc8 34.Rxc8+ Bxc8 35.g5 hxg5 36.Qxg5 Qc7
37.Bf1 Bd7 38.Qd2 Kh7 39.Bc1 Qd8 40.Qc3 e4 41.Qg3 Be5 42.Bf4 Bxf4 43.Qxf4 Qe7
44.Bg2 f5 45.Qc1 Be8 46.Bf1 Kg7 47.Qc3+ Qe5 48.Qc7+ Kh6 49.Qd8 f4 50.Qh4+ Kg7
51.Qg4 f3 52.Qc8 e3 53.Qc7+ Bf7 54.fxe3 Qxe3+ 55.Kh1 Qf2 56.Qc3+ Kh7 57.Qc1 Bxd5
58.Qc7+ Kh6  0-1

[Event "Tch-SWE 2002-3"]
[Site "Sweden SWE"]
[Date "2003.03.01"]
[Round "8"]
[White "Niklasson,C"]
[Black "Ahlander,B"]
[Result "0-1"]
[WhiteElo "2375"]
[BlackElo "2389"]

1.d4 Nf6 2.c4 e6 3.Nf3 Bb4+ 4.Nbd2 d5 5.e3 O-O 6.a3 Be7 7.b4 b6 8.Bb2 Bb7
9.Bd3 c5 10.cxd5 cxd4 11.e4 exd5 12.e5 Ne4 13.Bxd4 a5 14.b5 Nd7 15.Qb1 f5
16.O-O Rc8 17.a4 Bb4 18.Nb3 Qe7 19.Qb2 Ndc5 20.Bc2 Ne6 21.Bxb6 Bc3 22.Qa2 Bxa1
23.Rxa1 Nc3 24.Qb2 d4 25.Nbxd4 Nxd4 26.Nxd4 Qxe5 27.Bb3+ Kh8 28.f3 Rf6 29.Ba7 Rd6
30.Kf2 Rxd4 31.Re1 Re4  0-1

[Event "Tch-SWE 2002-3"]
[Site "Sweden SWE"]
[Date "2003.03.01"]
[Round "8"]
[White "Lundin,An"]
[Black "Ong,Kez"]
[Result "1-0"]
[WhiteElo "2270"]
[BlackElo "2174"]

1.d4 Nf6 2.c4 e6 3.Nf3 Bb4+ 4.Nbd2 b6 5.e3 Bb7 6.Bd3 O-O 7.O-O d5 8.b3 c5
9.Bb2 cxd4 10.exd4 Nc6 11.Qe2 Rc8 12.Rfd1 Qe7 13.Nf1 Ba3 14.Bxa3 Qxa3 15.Ne3 Nb4
16.Ne5 Ne4 17.Bxe4 dxe4 18.d5 exd5 19.Nf5 Rc7 20.Qg4 f6 21.Nd7 Rxd7 22.Nh6+ Kh8
23.Qxd7 Bc8 24.Qe7 Nc2 25.Nf7+ Kg8 26.Qxa3 Nxa3 27.Nd6 dxc4 28.bxc4 Be6 29.Rac1 Rd8
30.Nxe4 Rxd1+ 31.Rxd1 Nxc4 32.Rd8+ Kf7 33.Ra8 a5 34.Ra7+ Kg6 35.Nc3 Nd6 36.Ra6 Nc4
37.f3 Bd7 38.Kf2 Bc8 39.Ra7 Be6 40.Rb7 h5 41.Ke2 h4 42.Kd3 Ne5+ 43.Ke4 Bf5+
44.Kf4 Nc4 45.g4 Bd3 46.Rb8 Kh6 47.Ne4 g5+ 48.Kf5 Nd6+ 49.Kxf6 Bxe4 50.fxe4 Nxe4+
51.Ke5 Nc3 52.Rxb6+ Kg7 53.a3 Ne2 54.Ra6 Ng1 55.Ke4 Ne2 56.Rxa5 Kf6 57.Ra6+ Kg7
58.a4 h3 59.Kf3 Nf4 60.a5 Kf7 61.Rb6 Nd5 62.Rd6  1-0

[Event "FSIMA March"]
[Site "Budapest HUN"]
[Date "2003.03.03"]
[Round "3"]
[White "Alfred,N"]
[Black "Eperjesi,L"]
[Result "1-0"]
[WhiteElo "2250"]
[BlackElo "2271"]

1.d4 Nf6 2.c4 e6 3.Nf3 Bb4+ 4.Nbd2 b6 5.a3 Bxd2+ 6.Bxd2 O-O 7.Bg5 Bb7 8.e3 h6
9.Bh4 d6 10.Qc2 Nbd7 11.Rd1 Qe8 12.Nd2 a5 13.f3 e5 14.d5 a4 15.Bd3 b5 16.e4 bxc4
17.Bxc4 Qb8 18.O-O Ra5 19.Rb1 Qa8 20.Rfc1 Rc8 21.Qd1 Nh5 22.Bf1 Nc5 23.Bf2 Nf6
24.Nc4 Nb3 25.Nxa5 Nxc1 26.Qxa4  1-0

[Event "57th ch-POL w"]
[Site "Sroda Wlkp POL"]
[Date "2003.03.04"]
[Round "6"]
[White "Radziewicz,I"]
[Black "Matras,A"]
[Result "1/2-1/2"]
[WhiteElo "2433"]
[BlackElo "2229"]

1.d4 Nf6 2.c4 e6 3.Nf3 Bb4+ 4.Nbd2 O-O 5.a3 Bxd2+ 6.Bxd2 b6 7.Bg5 Bb7 8.e3 d6
9.Bd3 Nbd7 10.O-O h6 11.Bh4 Qe7 12.Nd2 c5 13.f4 d5 14.e4 dxe4 15.Bxe4 Rab8
16.Bxb7 Rxb7 17.Ne4 g5 18.Nxf6+ Nxf6 19.fxg5 Nh7 20.d5 Rd7 21.Bg3 Qxg5 22.d6 Nf6
23.Qe1 Nh5 24.Bh4 Qg4 25.Be7 Re8 26.Qf2 Qd4 27.Qxd4 cxd4 28.Rad1 Ng7 29.g4 f5
30.h3 h5 31.b4 hxg4 32.hxg4 fxg4 33.Rxd4 Nf5 34.Rxg4+ Kf7 35.c5 bxc5 36.bxc5 Rc8
37.Rc4 Rg8+ 38.Kh2 Rh8+ 39.Kg2 Rg8+ 40.Kh3 Rh8+ 41.Bh4 Ke8 42.Rb1 Rdh7 43.Rb8+ Kd7
44.Rbb4 Kc6 45.Ra4 a5 46.Re4 Kxc5 47.d7 Rxd7 48.Rxa5+ Kb6 49.Raa4 e5 50.Rab4+ Kc6
51.Kg2 Rd2+ 52.Kf1 Ng3+ 53.Ke1 Nxe4 54.Rxe4 Rd4 55.Rxd4 exd4 56.Bf6 Re8+
57.Kd2 Kd5 58.Kc2 Kc4 59.Bg5 Re2+ 60.Bd2 d3+ 61.Kd1 Rg2 62.Bb4 Ra2 63.Kc1 Kb3
64.Kd1 Rg2 65.Bc5 Rc2 66.Bb4 Kb2 67.Be7 Kc3 68.Bb4+ Kd4 69.Be7 Ke4 70.Bf8 Rb2
71.Bc5 Rc2 72.Be7 Ke3 73.Bg5+ Ke4 74.Be7 Rh2 75.Bd6 Rh6 76.Bb4 Rc6 77.Be7 Ke3
78.Bg5+ Ke4  1/2-1/2